Contaminants emergents / [coordinació: Salvador Fuentes Bayó] Salvador Fuentes Bayó]
ISBN:
978-84-9803-411-0
Descripción Física:
230 p. : taules ; 29 cm
Colección:
Medi ambient. Documents de treball ; 5
Otros Autores:
Fuentes Bayó, Salvador
MARC
| LEADER | 00000nam a2200000Ia 4500 | ||
|---|---|---|---|
| 001 | 23374 | ||
| 008 | 160829s2011 xx 000 0 cat d | ||
| 020 | |a 978-84-9803-411-0 | ||
| 080 | |a C-3-383 | ||
| 245 | |a Contaminants emergents / [coordinació: |b Salvador Fuentes Bayó] | ||
| 260 | |a Barcelona : |b Diputació de Barcelona. Àrea de Medi Ambient, |c 2011 | ||
| 300 | |a 230 p. : |b taules ; |c 29 cm | ||
| 490 | |a Medi ambient. Documents de treball ; 5 | ||
| 590 | |a Referències bibliogràfiques a cada capítol. | ||
| 590 | |a Text en català, castellà i anglès. | ||
| 650 | |a Contaminants |9 48739 | ||
| 650 | |a Contaminants emergents en l'aigua |9 48740 | ||
| 650 | 0 | |a Medi ambient |x Protecció |9 34273 | |
| 700 | 1 | |a Fuentes Bayó, Salvador |e coordinador |9 17868 | |
| 710 | |a Barcelona (Catalunya : Província). |b Àrea de Medi Ambient |9 52987 | ||
| 901 | |a Arxiu | ||
| 942 | |n 1 |2 udc | ||
| 952 | |0 0 |1 0 |4 0 |6 C3383 |7 1 |9 54812 |a Arxiu |b Arxiu |d 2012-01-17 |l 0 |o C-3-383 |p 23374 |r 2016-12-01 00:00:00 |w 2016-12-01 |y ARXIU | ||
| 999 | |c 58681 |d 58681 | ||